Introduction to statistics and data analysis with computer applications /

Bibliographic Details
Main Author: Morris, Carl N.
Other Authors: Rolph, John E.
Format: Book
Language:English
Published: [Santa Monica, Calif.] : Rand Corporation, 1971.
Subjects:

MARC

Tag First Indicator Second Indicator Subfields
LEADER 00000cam a2200000 4500
001 in00001131007
005 20150930072637.0
008 720818m1971 cau 000 0 eng
010 |a  72189839  
035 |a (OCoLC)00402849 
035 |9 AFW4783AM 
040 |a DLC  |c DLC  |d m.c.  |d TXA  |d UtOrBLW 
049 |a TXAM 
050 0 0 |a AS36  |b .R28 no. 4696  |a QA276.4 
082 0 |a 081 s  |a 519.5/028/54 
090 |a AS36  |b .R28 P-4695, etc. 
100 1 |a Morris, Carl N. 
245 1 0 |a Introduction to statistics and data analysis with computer applications /  |c by Carl Morris [and] John Rolph. 
264 1 |a [Santa Monica, Calif.] :  |b Rand Corporation,  |c 1971. 
300 |a 2 volumes ;  |c 28 cm. 
336 |a text  |b txt  |2 rdacontent 
337 |a unmediated  |b n  |2 rdamedia 
338 |a volume  |b nc  |2 rdacarrier 
500 |a "P-4695"--issued as 1. 
500 |a "P-4696"--issued as 2. 
500 |a "September 1971." 
650 0 |a Mathematical statistics  |x Data processing. 
650 0 |a Multivariate analysis  |x Data processing. 
700 1 |a Rolph, John E. 
999 |a MARS 
999 f f |s 44199598-cff7-3f34-89ef-92568dcb4370  |i 81417c42-db4e-3995-8a6b-b03c04bda641  |t 0 
952 f f |p ric  |a Texas A&M University  |b Rellis Campus  |c Joint Library Facility  |d Remote Storage  |t 0  |e AS36 .R28 P-4695 etc.  |h Library of Congress classification  |i unmediated -- volume  |k 2=P-4696  |m A14817141903 
952 f f |p ric  |a Texas A&M University  |b Rellis Campus  |c Joint Library Facility  |d Remote Storage  |t 0  |e AS36 .R28 P-4695 etc.  |h Library of Congress classification  |i unmediated -- volume  |k 1=P-4695  |m A14817141979 
998 f f |a AS36 .R28 P-4695 etc.  |s 2=P-4696  |t 0  |l Remote Storage